Trippie Redd - Every Artist Collab - Statistics

General Stats
  • This quiz has been taken 72 times
  • The average score is 35 of 184
Answer Stats
Artist % Correct
XXXTENTACION
93%
Juice WRLD
80%
Drake
76%
Playboi Carti
76%
Travis Scott
73%
6ix9ine
71%
Young Thug
69%
Lil B
67%
Ski Mask The Slump God
67%
Lil Uzi Vert
64%
DaBaby
62%
Lil Baby
62%
Lil Wayne
62%
Coi Leray
58%
Lil Durk
58%
Future
56%
KSI
47%
Polo G
47%
Lil Tecca
44%
mgk
44%
Don Toliver
42%
Kodak Black
40%
Lil Mosey
40%
PARTYNEXTDOOR
40%
Roddy Ricch
40%
SoFaygo
40%
The Kid LAROI
38%
YNW Melly
38%
Chris King
36%
Lil Yachty
36%
Quavo
36%
Tory Lanez
36%
Chief Keef
33%
Offset
33%
YoungBoy Never Broke Again
33%
Busta Rhymes
31%
Rich The Kid
31%
Smokepurpp
31%
Chance the Rapper
29%
Chris Brown
29%
Lil Duke
29%
Baby Goth
27%
Famous Dex
27%
PnB Rock
27%
Skye Morales
27%
Youv Dee
27%
Bryson Tiller
24%
iann dior
24%
LUCKI
24%
Russ
24%
Swae Lee
24%
The Game
24%
Babyface Ray
22%
Black Jezuss
22%
Kid Cudi
22%
Lil Skies
22%
Lil Wop
22%
Mariah The Scientist
22%
Summrs
22%
Young Nudy
22%
blackbear
20%
Emani 22
20%
G Herbo
20%
Joji
20%
King Von
20%
K Suave
20%
LAZER DIM 700
20%
Sean Kingston
20%
UnoTheActivist
20%
Yung LB
20%
Lil Gnar
18%
Lil Keed
18%
NLE Choppa
18%
Pi'erre Bourne
18%
SahBabii
18%
Scarlxrd
18%
Tommy Lee Sparta
18%
Corbin
16%
D. Savage
16%
KA$HDAMI
16%
Kanii
16%
$NOT
16%
Rob49
16%
Sunny 2point0
16%
tana
16%
Wiz Khalifa
16%
ZillaKami
16%
Alison Wonderland
13%
BANKS
13%
Kevin Gates
13%
Kodie Shane
13%
Nardo Wick
13%
Reese LAFLARE
13%
Rylo Rodriguez
13%
YNW BSlime
13%
Zzz.
13%
A1Billionaire
11%
AYLEK$
11%
BIG30
11%
Elliott Trent
11%
Lil Tracy
11%
Moneybagg Yo
11%
Nel-Denarro
11%
Ne-Yo
11%
Odetari
11%
PinkPantheress
11%
Rvssian
11%
Tyla Yaweh
11%
Blac Chyna
9%
Cayo
9%
DRAM
9%
Fijimacintosh
9%
Hoodybaby
9%
Icewear Vezzo
9%
Khalil
9%
Lil Twist
9%
Logic
9%
Mae Muller
9%
Pachino
9%
Quan'ta
9%
Rocket Da Goon
9%
Sada Baby
9%
SSGKobe
9%
Vybz Kartel
9%
Antionia
7%
Bali Baby
7%
Dax
7%
Doe Boy
7%
MASN
7%
Maxo Kream
7%
Miyah Lynnae
7%
Rico Nasty
7%
Robb Bank$
7%
YNW Bortlen
7%
YTB Fatt
7%
Doodie Lo
4%
EKKSTACY
4%
KYLE
4%
LouGotCash
4%
Oliver Tree
4%
Orochi
4%
Paris Shadows
4%
Rich Brian
4%
S-X
4%
The Drums
4%
TyFontaine
4%
VonOff1700
4%
Berner
2%
BigKlit
2%
FBG GOAT
2%
Fedez
2%
Goldie
2%
Jmo Let Em Know
2%
Julia Michaels
2%
Kris Wu
2%
Luh Kel
2%
Peso Peso
2%
Phora
2%
PRINCE$$ ROSIE
2%
Rarri
2%
Rauw Alejandro
2%
StaySolidRocky
2%
Sueco
2%
Tadoe
2%
Warhol.SS
2%
Zelly Ocho
2%
AjOGod
0%
Data Luv
0%
Dayytona Fox
0%
Fooly Faime
0%
Glaxdow
0%
IV4
0%
Just Juice
0%
Kvngshad
0%
Mak Sauce
0%
m$sha
0%
Reverse Pathogen
0%
Shootem Up
0%
Shordie Shordie
0%
Slimesito
0%
Sn8ke
0%
Tedua
0%
Thee Jae
0%
Tre Loaded
0%
No matching quizzes found
Score Distribution
Percent of People with Each Score
Percentile by Number Answered
Your Score History
You have not taken this quiz